Passereaux de France - Statistiques

Statistiques générales
  • Ce quiz a été pris 32 fois
    27 depuis la dernière actualisation
  • Le résultat moyen est 29 sur 59
Statistiques - réponses
Passereaux % Correct
Mésange
100%
Moineau
100%
Fauvette
90%
Merle
90%
Rougegorge
90%
Pinson
85%
Corbeau
80%
Corneille
80%
Etourneau
80%
Pie
80%
Verdier
80%
Chardonneret
75%
Grive
75%
Hirondelle
75%
Sittelle
75%
Alouette
70%
Geai
70%
Roitelet
70%
Bergeronnette
65%
Bruant
65%
Choucas
65%
Rossignol
65%
Troglodyte
65%
Grimpereau
60%
Serin
60%
Bouvreuil
55%
Gorgebleue
55%
Grosbec
55%
Rougequeue
55%
Accenteur
50%
Linotte
50%
Loriot
50%
Pouillot
50%
Bec-Croisé
45%
Gobemouche
45%
Pipit
45%
Tarin
45%
Tarier
40%
Panure
35%
Chocard
30%
Phragmite
30%
Crave
25%
Hypolaïs
25%
Pie-Grièche
25%
Cisticole
20%
Jaseur
20%
Traquet
20%
Cincle
15%
Locustelle
15%
Monticole
15%
Niverolle
15%
Rousserolle
15%
Tichodrome
15%
Venturon
15%
Bouscarle
10%
Durbec
10%
Lusciniole
10%
Sizerin
10%
Agrobate
5%
Aucun quiz correspondant
Distribution des résultats
% des personnes avec chaque résultat
Percentile par nombre de réponses
Votre historique - résultats
Vous n’avez pas pris ce quiz depuis la dernière actualisation